| 000 | 00432cam a2200169ua 4500 | ||
|---|---|---|---|
| 001 | 3064 | ||
| 008 | 131129n II |||gr||||Z||||||eng | ||
| 040 | _aMAIN | ||
| 041 | _aEnglish | ||
| 082 | _a640 DAV | ||
| 100 | _aDAVENPORT, BRAGDON ALLEN. | ||
| 245 | _aTHE FAMILY CREATIVE WORKSHOPS VOL ( V ) | ||
| 260 |
_aNEW YORK: _bPLENARY PUBLICATION, _c1974. |
||
| 300 |
_a640: _c20CM. |
||
| 653 | _aHome & family management | ||
| 942 | _cBK | ||
| 999 |
_c3052 _d3052 |
||